Análisis económico Input- Output (Registro nro. 4617)

Detalles MARC
000 -LEADER
fixed length control field 01342 a2200205 4500
001 - CONTROL NUMBER
control field 48549
005 - DATE AND TIME OF LATEST TRANSACTION
control field 20260407155750.0
008 - FIXED-LENGTH DATA ELEMENTS--GENERAL INFORMATION
fixed length control field 260407a1970 arg spa d
003 - CONTROL NUMBER IDENTIFIER
control field AR-UNSa-BCEJYS
040 ## - CATALOGING SOURCE
Original cataloging agency AR-UNSa-BCEJYS
Language of cataloging spa
Transcribing agency AR-UNSa-BCEJYS
080 ## - UNIVERSAL DECIMAL CLASSIFICATION NUMBER
Universal Decimal Classification number 330
Common auxiliary subdivision Economía en general
100 1# - MAIN ENTRY--PERSONAL NAME
Personal name Leontief, Wassily
245 10 - TITLE STATEMENT
Title Análisis económico Input- Output
264 #1 - PRODUCTION, PUBLICATION, DISTRIBUTION, MANUFACTURE, AND COPYRIGHT NOTICE
Place of production, publication, distribution, manufacture Barcelona :
Name of producer, publisher, distributor, manufacturer Gustavo Gili
Date of production, publication, distribution, manufacture, or copyright notice 1970
300 ## - PHYSICAL DESCRIPTION
Extent 359 p.
Dimensions 22 cm.
505 ## - FORMATTED CONTENTS NOTE
Formatted contents note 1. Propuestas para mejorar la bondad de nuestras previsiones económicas (1964) - 2. Análisis económico input-output (1951) - 3. Salarios, beneficios, precios e impuestos (1947) - 4. La estructura del desarrollo (1963) - 5. Producción interna y comercio exterior: reexamen de la posición estadounidense por lo que respecta al capital (1953) - 6. Las relaciones entre factores y las estructura del comercio estadounidense: nuevo análisis teórico y empírico (1956) - 7. Análisis input-output (1965) - 8. Estructura de la economía estadounidense (1965) - 9. Repercusiones económicas del desarme (1961) - 10. Repercusiones económicas - en los ámbitos industrial y regional - de una reducción de armamento (1965) - 11. Análisis input-output multirregional (1963)
590 ## - LOCAL NOTE (RLIN)
Local note niveau_biblio:m niveau_hierar:0
700 1# - ADDED ENTRY--PERSONAL NAME
Personal name Fábrega Forradellas, Valentín
942 ## - ADDED ENTRY ELEMENTS (KOHA)
Koha item type
Existencias
Withdrawn status Lost status Damaged status Not for loan Home library Current library Shelving location Date acquired Total checkouts Full call number Barcode Date last seen Price effective from Koha item type
        Biblioteca Prof. Eusebio Cleto del Rey Biblioteca Prof. Eusebio Cleto del Rey   07/04/2026   330 L586a L23444 07/04/2026 07/04/2026 Libro